Metodologické problémy merania diferenciácie životnej úrovne čiastková úloha 906 111 401 02

Gespeichert in:
Bibliographische Detailangaben
1. Verfasser: Kučerák, Jozef
Weitere Verfasser: Leinweber, Ladislav, Pažitná, Mária
Format: Buch
Sprache:Slowakisch
Veröffentlicht: Bratislava Výskumný ústav životnej úrovne 1983
Schriftenreihe:Výskumná úloha č. 281
Tags: Tag hinzufügen
Keine Tags, Fügen Sie das erste Tag hinzu!

MARC

LEADER 00000nam a2200000 4500
001 c114061
005 20230116104641.7
041 0 |a slo 
044 |a SK 
245 1 0 |a Metodologické problémy merania diferenciácie životnej úrovne  |b čiastková úloha 906 111 401 02  |c Jozef Kučerák, Ladislav Leinweber, Mária Pažitná 
264 1 |a Bratislava  |b Výskumný ústav životnej úrovne  |c 1983 
300 |a 171 s. 
490 1 |a Výskumná úloha  |v č. 281 
830 0 |a Výskumná úloha  |v č. 281 
100 1 |a Kučerák, Jozef 
700 1 |a Leinweber, Ladislav 
700 1 |a Pažitná, Mária